Normal view
MARC view
Entry Topical Term
001 - CONTROL NUMBER
- control field: 45664
003 - CONTROL NUMBER IDENTIFIER
- control field: ARRUPE
005 - DATE AND TIME OF LATEST TRANSACTION
- control field: 20190401103350.0
008 - FIXED-LENGTH DATA ELEMENTS
- fixed length control field: 190401|| aca||aabn | a|a d
040 ## - CATALOGING SOURCE
- Original cataloging agency: ARRUPE
- Transcribing agency: ARRUPE
150 ## - HEADING--TOPICAL TERM
- Topical term or geographic name as entry element: Psychoanalysis.
670 ## - SOURCE DATA FOUND
- Source citation: Work cat.: (ARRUPE)0: Sifneos, Peter E. (Peter Emanuel), 1920- 45662, Short-term dynamic psychotherapy :, c1987.